Parroquias de Tui - Estadísticas

Estadísticas generales
  • Esta prueba ha sido intentada 20 veces
  • La puntuación promedio es 6 de 12
Estadísticas de respuestas
Parroquias de Tui % Correcto
Tui
91%
Areas
64%
Guillarei
64%
Baldráns
55%
Malvas
55%
Randufe
55%
Rebordáns
55%
Pexegueiro
45%
Caldelas de Tui
36%
Pazos de Rei
36%
Ribadelouro
36%
Paramos
27%
No se encontraron pruebas coincidentes
Distribución de puntuación
Porcentaje de gente con cada puntuación
Porcentaje por número respondido
Historial de tus puntuaciones
No has intentado esta prueba.